| 000 | 00457nam a2200133Ia 4500 | ||
|---|---|---|---|
| 008 | 250506s9999 xx 000 0 und d | ||
| 024 | _a13B-97-EL, 14B-60-EL & 14B-90-EL | ||
| 082 | _a621.384072 MUH | ||
| 100 | _aMuhammad Najam-ul-Saqib, Sakina Baqir & Rameen Anwer | ||
| 245 | 0 | _aSmart Attendance System VIA Artificial Neural Network | |
| 260 |
_aKarachi: _bUIT, _c2014 |
||
| 600 | _aComputer System Engineering | ||
| 650 | _aBachelor of Engineering (BE) | ||
| 999 |
_c28396 _d28396 |
||